| 000 | 02171nam0a2200493 4500 | ||
|---|---|---|---|
| 001 | RU\NLR\bibl\1476860 | ||
| 005 | 20260406082822.0 | ||
| 010 |
_a978-5-91419-284-3 _91000 _bв пер. |
||
| 021 |
_aRU _b2009-106895 _96817 |
||
| 035 | _a(NLR Aleph) 001468525 | ||
| 035 | _a(nilc)RSL-KNO-004564981 | ||
| 090 |
_a1628610 _c1628610 |
||
| 100 | _a20100111d2010 |||y0rusy50 ca | ||
| 101 | 0 | _arus | |
| 102 | _aRU | ||
| 105 | _ay ||||||||| | ||
| 200 | 1 |
_aМишель Фуко и его время _fА. В. Дьяков |
|
| 210 |
_aСанкт-Петербург _cАлетейя _d2010 [т.е. 2009] |
||
| 215 |
_a668, [2] с. _d22 |
||
| 225 | 1 | _aGallicinium | |
| 225 | 1 | _aProgramme A. Pouchkine | |
| 300 | _aКн. фактически издана в 2009 г. | ||
| 320 | _aБиблиогр.: с. 607-661 (329 назв.) и в подстроч. примеч. | ||
| 320 | _aИмен. указ.: с. 662-665 | ||
| 320 | _aПредм. указ.: с. 666-668 | ||
| 325 | _aКопия доступна в Электрон. б-ке РНБ http://vivaldi.nlr.ru/bx000032744/view | ||
| 600 | 1 |
_aФуко _bМ.П. _f1926 - 1984 _gМишель Поль _xФилософские взгляды _92082553 _3RU\NLR\auth\661258578 |
|
| 686 |
_aЮ3(4Фр)6-664Фуко М.-3,0 _2rubbk |
||
| 686 | _aЮ3(4Фр)6-63 | ||
| 700 | 1 |
_aДьяков _bА. В. _gАлександр Владимирович _4070 |
|
| 702 | 1 |
_4570 _8rus _7ca _aФуко _bМ. _f1926-1984 _gМишель _3RU\NLR\auth\7748499 _931434 |
|
| 801 | 0 |
_aRU _bRuMoRGB _c20100111 _grcr |
|
| 801 | 1 |
_aRU _bRuMoRGB _c20100111 |
|
| 801 | 2 |
_aRU _bNLR _c20100225 _grcr |
|
| 856 | 0 | _uhttp://vivaldi.nlr.ru/bx000032744/view | |
| 856 | 1 | _uhttp://vivaldi.nlr.ru/bx000032744/cover | |
| 856 | 2 | _uhttp://vivaldi.nlr.ru/bx000032744/text | |
| 942 | _cBOOK | ||
| 980 | _aNB | ||
| 981 | 1 | 3 |
_a(13) Документы, защищенные авторским правом _b(13) Современная научная, научно-популярная и популярная литература |